LEADER 01451nam a2200301 a 4500 001 000000157549 003 CaOOAMICUS 005 20161215135447.0 008 161215s1997 it 000 u eng r 032 $aLibriCat 040 $aPUL$bita 100 1 $aMartins, Joseph Fratus.$0(OLS)http://pul/name/100516 245 10$aNon-locality in quantum mechanics :$ba philosophical study of a new concept in microphysics /$cJoseph Fratus Martins. 260 $aRoma :$bAteneo Romano della Santa Croce,$c1997. 300 $aiv, 229 p. ;$c24 cm. 502 $aTesi -- Pontificium Athenaeum Sanctae Crucis. Facultas Philosophiae. 1997. 504 $aBibliografia in nota. 650 4$aMicrofisica$xFilosofia.$0(OLS)http://pul/subject/41836 650 4$aMeccanica quantistica.$0(OLS)http://pul/subject/34185 710 2 $aAteneo Romano della Santa Croce.$kTesi.$0(OLS)http://pul/name/17117 850 $aPUL 852 $aPUL$W1$xDP1 Tesi Pon. Univ. S. Croce$y43$mTH S.CRO 86$j180885$qTesi$B184008$CPULBib$Z2$F184008 $H78862 $82 910 $aPontificia Universitą della Santa Croce$917117 910 $aPontificia Universitą della Santa Croce$917117 941 1 $a16 996 $6245$aNon-locality in quantum mechanics :$ba philosophical study of a new concept in microphysics$9(OLS)http://pul/title/197153 996 $6260$aRoma :$bAteneo Romano della Santa Croce$9(OLS)http://pul/publisher/49359 LEADER 01391nam a2200325 a 4500 001 000000158378 003 CaOOAMICUS 005 20170130142841.0 008 170130s2016 it u000 u ita r 020 $a978-88-598-1331-6* 032 $aLibriCat 040 $aPUL$bita 082 14$a345.45 100 1 $aFiore, Carlo,$d1933-$0(OLS)http://pul/name/55725 245 10$aDiritto penale :$bparte generale /$cCarlo Fiore, Stefano Fiore. 250 $aQuinta edizione. 260 $aTorino :$bUTET Giuridica ;$aMilanofiori Assago :$bWolters Kluwer,$c©2016. 300 $aXVIII, 775 p. ; $c24 cm 504 $aBibliografia in nota a pič pagina. 650 4$aDiritto penale$zItalia$vManuali.$0(OLS)http://pul/subject/8081 700 1 $aFiore, Stefano,$d1964-$0(OLS)http://pul/name/75987 850 $aPUL 852 $aPUL$W1$xDP2 Diritto e Scienze Sociali 3$y110$m345. 45 FIOCA 2$j181701$qDDC 21$B184858$CPULBib$Z2$F184858 $H128871 $81 941 1 $a9 996 $6020$a978-88-598-1331-6*$9(OLS)http://pul/number/161974 996 $6082$a345.45$9(OLS)http://pul/classification/371 996 $6245$aDiritto penale :$bparte generale$9(OLS)http://pul/title/52862 996 $6260$aTorino :$bUTET Giuridica$9(OLS)http://pul/publisher/79191 996 $6260$aMilanofiori Assago :$bWolters Kluwer$9(OLS)http://pul/publisher/81463